Lexique méthodique illustré d machinisme agricole (Record no. 11519)
[ view plain ]
| 000 -LEADER | |
|---|---|
| fixed length control field | 00691 a2200205 4500 |
| 035 ## - SYSTEM CONTROL NUMBER | |
| System control number | 4336 |
| 100 ## - VEDETTE PRINCIPALE - NOM DE PERSONNE | |
| Personal name | Centre national d'études et d'exploitation de machinisme agricole (C.N.E.E.M.A.) |
| 130 ## - VEDETTE PRINCIPALE - TITRE UNIFORME | |
| Language of a work | Fr. |
| 260 ## - PUBLICATION, DISTRIBUTION, ETC. (IMPRINT) | |
| Place of publication, distribution, etc | Paris |
| 260 ## - PUBLICATION, DISTRIBUTION, ETC. (IMPRINT) | |
| Name of publisher, distributor, etc | Centre nationale d'études et d'expérimentation agricole |
| 245 ## - TITLE STATEMENT | |
| Title | Lexique méthodique illustré d machinisme agricole |
| 260 ## - PUBLICATION, DISTRIBUTION, ETC. (IMPRINT) | |
| Date of publication, distribution, etc | 1976 |
| 300 ## - PHYSICAL DESCRIPTION | |
| Extent | 355 p. |
| 300 ## - PHYSICAL DESCRIPTION | |
| Other physical details | fig. ; 29 cm |
| 500 ## - GENERAL NOTE | |
| General note | En-tête du titre : Ministère de l'Agriculture. Direction de l'amenagement rural et des structures. - Comprend un index |
| 650 ## - SUBJECT ADDED ENTRY--TOPICAL TERM | |
| Topical term or geographic name as entry element | <Machines agricoles-Dictionnaires> |
| Withdrawn status | Lost status | Damaged status | Not for loan | Location (home branch) | Sublocation or collection (holding branch) | Date acquired | Source of acquisition | Koha issues (times borrowed) | Koha full call number | Piece designation (barcode) | Koha date last seen | Copy number | Koha item type |
|---|---|---|---|---|---|---|---|---|---|---|---|---|---|
| Bibliothèque Ecole Polytechnique d'Abomey-Calavi | Bibliothèque Ecole Polytechnique d'Abomey-Calavi | 27/02/2009 | EPAC | 631.303/C397l | 20947EPAC | 27/02/2009 | 1 | Livre |